| 000 | 00624nam a2200205Ia 4500 | ||
|---|---|---|---|
| 005 | 20250508152835.0 | ||
| 008 | 008 250505s9999 xx 000 0 eng d | ||
| 037 | _aTextual | ||
| 040 |
_aFEDL _beng _cFEDL |
||
| 041 |
_aeng _2eng |
||
| 084 |
_a371.4, IND _qFEDL |
||
| 100 |
_aDesai L R _9761063 |
||
| 245 | 0 | _aInspection of basic schools | |
| 245 | 0 | _cIndia. National Institute of Basic Education | |
| 260 |
_aNew Delhi, India _bNational Institute of Basic Educaion _c1960 |
||
| 300 | _a44p | ||
| 650 | _aEducational guidance and Counseling | ||
| 942 |
_cTEXL _h371.4, IND |
||
| 999 |
_c1339132 _d1339132 |
||